000 00852nam a2200265Ia 4500
001 Z_582
003 CHAP
008 220113s1968 xx 000 0 und d
010 _a163692
040 _cCHAP
090 _aTesis O 580
100 _aOsorio Arce, Mario Manuel
_984206
245 _aEfecto de la edad al primer parto sobre la producción de leche en la primera lactancia /
_cpor Mario Manuel Osorio Arce
260 _aChapingo, Méx. :
_bEl autor,
_c1968
300 _a[72] h. ; ilus.
502 _aTesis (Ing. Agrónomo Esp. en Zootecnia) -- ENA. Departamento de Zootecnia
650 _aGanado lechero
_xAnatomía y fisiología I.Producción de leche en la primera lactancia
_9137820
650 _aLeche
_xProducción
_965400
901 _aTESIS O 580
902 _aM
910 _a1968
942 _c2
942 _c2
999 _c163692
_d163692